000 00670cam a2200205 i 4500
001 26699
003 Mx-PuUPA
005 20251003115609.0
008 140415s2016 mx gr 000 0 spa d
020 _a9786077803528
040 _cMx-PuUPA
041 0 _aspa
082 0 4 _axx
_bxx
_223
245 _aJean-Claude Colliard :
_bprofesor, constitucionalista, juez electoral y hombre honesto /
250 _aPrimera edición
264 1 _aCiudad de México :
_bTribunal Electoral del Poder Judicial de la Federación,
_c2016
300 _a798 páginas ;
_c25 cm
942 _2ddc
_cLI
_hxx
_ixx
999 _c26699
_d26699